[Event "ROM-ch"]
[Site "Predeal"]
[Date "1988.??.??"]
[Round "10"]
[White "Badea, Bela"]
[Black "Pavlov, Mircea Sergiu"]
[Result "1/2-1/2"]
[WhiteElo "2365"]
[BlackElo "2390"]
[PlyCount "25"]
[EventDate "1988.??.??"]
[EventType "tourn"]
[EventRounds "16"]
[EventCountry "ROU"]
[EventCategory "7"]
[SourceTitle "EXT 1997"]
[Source "ChessBase"]
[SourceDate "1996.11.15"]
[SourceVersion "1"]
[SourceVersionDate "1996.11.15"]
[SourceQuality "1"]

1. c4 e5 2. Nc3 Nf6 3. Nf3 Nc6 4. d4 exd4 5. Nxd4 Bb4 6. g3 0-0 7. Bg2 d5 8. Nxc6 bxc6 9. 0-0 Bxc3 10. bxc3 Ba6 11. cxd5 cxd5 12. Re1 Re8 13. Bg5 1/2-1/2

[Event "ROM-ch"]
[Site "Predeal"]
[Date "1988.??.??"]
[Round "6"]
[White "Ghinda, Mihail Viorel"]
[Black "Pavlov, Mircea Sergiu"]
[Result "1/2-1/2"]
[WhiteElo "2455"]
[BlackElo "2390"]
[PlyCount "66"]
[EventDate "1988.??.??"]
[EventType "tourn"]
[EventRounds "16"]
[EventCountry "ROU"]
[EventCategory "7"]
[SourceTitle "EXT 1997"]
[Source "ChessBase"]
[SourceDate "1996.11.15"]
[SourceVersion "1"]
[SourceVersionDate "1996.11.15"]
[SourceQuality "1"]

1. e4 c5 2. Nf3 Nc6 3. d4 cxd4 4. Nxd4 g6 5. c4 Bg7 6. Be3 Nf6 7. Nc3 0-0 8. Be2 b6 9. Qd2 Bb7 10. 0-0 Rc8 11. f3 Nh5 12. Ndb5 Ne5 13. c5 a6 14. Na7 Rxc5 15. Bxc5 bxc5 16. f4 Bh6 17. Bxh5 gxh5 18. Qf2 Ng6 19. f5 Ne5 20. f6 exf6 21. Qxc5 Kh8 22. Kh1 Rg8 23. h3 Rg6 24. Nd5 Bf8 25. Qd4 Qb8 26. Rxf6 Bg7 27. Rxg6 hxg6 28. Qf2 Qd6 29. Rd1 Kh7 30. b3 Qe6 31. b4 Nc4 32. Qc2 Nd6 33. Nc7 Qe5 1/2-1/2

[Event "ROM-ch"]
[Site "Predeal"]
[Date "1988.??.??"]
[Round "16"]
[White "Navrotescu, Catalin"]
[Black "Pavlov, Mircea Sergiu"]
[Result "1/2-1/2"]
[WhiteElo "2335"]
[BlackElo "2390"]
[PlyCount "27"]
[EventDate "1988.??.??"]
[EventType "tourn"]
[EventRounds "16"]
[EventCountry "ROU"]
[EventCategory "7"]
[SourceTitle "EXT 1997"]
[Source "ChessBase"]
[SourceDate "1996.11.15"]
[SourceVersion "1"]
[SourceVersionDate "1996.11.15"]
[SourceQuality "1"]

1. d4 Nf6 2. c4 g6 3. Nc3 d5 4. Nf3 Bg7 5. cxd5 Nxd5 6. e4 Nxc3 7. bxc3 c5 8. Rb1 0-0 9. Qd2 Nd7 10. Bd3 Qa5 11. 0-0 b6 12. Qe2 Bb7 13. Bd2 cxd4 14. cxd4 1/2-1/2

[Event "ROM-ch"]
[Site "Predeal"]
[Date "1988.??.??"]
[Round "9"]
[White "Pavlov, Mircea Sergiu"]
[Black "Biriescu, Ioan"]
[Result "1/2-1/2"]
[WhiteElo "2390"]
[BlackElo "2370"]
[PlyCount "24"]
[EventDate "1988.??.??"]
[EventType "tourn"]
[EventRounds "16"]
[EventCountry "ROU"]
[EventCategory "7"]
[SourceTitle "EXT 1997"]
[Source "ChessBase"]
[SourceDate "1996.11.15"]
[SourceVersion "1"]
[SourceVersionDate "1996.11.15"]
[SourceQuality "1"]

1. e4 e5 2. Nf3 Nf6 3. d4 Nxe4 4. Bd3 d5 5. Nxe5 Bd6 6. 0-0 0-0 7. Nd2 Bxe5 8. dxe5 Nc5 9. Nb3 Nxd3 10. Qxd3 b6 11. Rd1 Bg4 12. f3 Be6 1/2-1/2

[Event "Pernik"]
[Site "Pernik"]
[Date "1988.??.??"]
[Round "?"]
[White "Sibarevic, Milenko"]
[Black "Pavlov, Mircea Sergiu"]
[Result "1-0"]
[WhiteElo "2365"]
[BlackElo "2395"]
[PlyCount "47"]
[EventDate "1988.??.??"]
[EventType "tourn"]
[EventRounds "13"]
[EventCountry "BUL"]
[SourceTitle "EXT 2010"]
[Source "ChessBase"]
[SourceDate "2010.11.25"]
[SourceVersion "1"]
[SourceVersionDate "2010.11.25"]
[SourceQuality "1"]

1. e4 c5 2. Nf3 Nc6 3. c3 Nf6 4. e5 Nd5 5. d4 cxd4 6. Bc4 Nb6 7. Bb3 d5 8. exd6 dxc3 9. Nxc3 exd6 10. Ng5 d5 11. Nxd5 Nxd5 12. Bxd5 Bb4+ 13. Kf1 0-0 14. Qh5 Bf5 15. Bxf7+ Kh8 16. Be3 Qd3+ 17. Kg1 Nd4 18. Bxd4 Qxd4 19. h4 Bg6 20. Qxg6 hxg6 21. h5 Rxf7 22. hxg6+ Kg8 23. gxf7+ Kf8 24. Ne6+ 1-0

[Event "Pleven"]
[Site "Pleven"]
[Date "1985.07.??"]
[Round "?"]
[White "Pavlov, Mircea Sergiu"]
[Black "Lalic, Bogdan"]
[Result "1-0"]
[WhiteElo "2390"]
[BlackElo "2440"]
[PlyCount "127"]
[EventDate "1985.07.??"]
[EventType "tourn"]
[EventRounds "13"]
[EventCountry "BUL"]
[SourceTitle "EXT 2015"]
[Source "ChessBase"]
[SourceDate "2014.11.20"]
[SourceVersion "1"]
[SourceVersionDate "2014.11.20"]
[SourceQuality "1"]

1. e4 e6 2. d4 d5 3. Nc3 Bb4 4. e5 Ne7 5. a3 Bxc3+ 6. bxc3 c5 7. Qg4 Qc7 8. Bd3 cxd4 9. Ne2 dxc3 10. Qxg7 Rg8 11. Qxh7 Qxe5 12. Bf4 Qf6 13. h4 Nd7 14. Bg5 Qg7 15. Qxg7 Rxg7 16. Nf4 Rg8 17. 0-0-0 Rb8 18. Nh5 f5 19. Rhe1 Kf7 20. Bxe7 Kxe7 21. Bxf5 Nf8 22. Bh3 b5 23. Re3 b4 24. axb4 Rxb4 25. Rxc3 Ba6 26. Rc7+ Kd8 27. Rxa7 Be2 28. Nf6 Rg6 29. Re1 Rxf6 30. Rxe2 Rxh4 31. f3 Rc4 32. Bg4 Rc7 33. Ra6 Kd7 34. Re5 Ke7 35. Rg5 Rf7 36. Re5 Rf6 37. Kd2 Rd7 38. Rg5 Rf7 39. Bh5 Rh7 40. g4 Rd6 41. Ra7+ Rd7 42. Ra4 Rd8 43. Rg8 Nd7 44. Rxd8 Kxd8 45. Ra7 Ke7 46. Ke3 Rh8 47. Bg6 Kd6 48. Ra6+ Ke7 49. Bd3 Ne5 50. Be2 Rh3 51. g5 Rh2 52. c3 Rg2 53. f4 Ng6 54. f5 Nf8 55. f6+ Kf7 56. Bh5+ Kg8 57. Kf4 Rf2+ 58. Kg3 Rf1 59. Ra7 Rg1+ 60. Kf4 e5+ 61. Kf5 d4 62. cxd4 exd4 63. Bf7+ Kh8 64. g6 1-0

[Event "Match/Nation DDR-ROM 19,5-12,5"]
[Site "Zinnowitz"]
[Date "1983.10.18"]
[Round "4.6"]
[White "Pavlov, Mircea Sergiu"]
[Black "Boensch, Uwe"]
[Result "1/2-1/2"]
[WhiteElo "2400"]
[BlackElo "2450"]
[PlyCount "28"]
[EventDate "1983.10.14"]
[EventType "team-match"]
[EventRounds "4"]
[EventCountry "DDR"]
[SourceTitle "EXT 2002"]
[Source "ChessBase"]
[SourceDate "2001.11.25"]
[SourceVersion "1"]
[SourceVersionDate "2001.11.25"]
[SourceQuality "1"]

1. e4 c5 2. Nf3 d6 3. d4 cxd4 4. Nxd4 Nf6 5. Nc3 e6 6. Bg5 a6 7. f4 Nbd7 8. Be2 Be7 9. Bf3 Qb6 10. Nb3 h6 11. Bxf6 Qe3+ 12. Qe2 Qxe2+ 13. Nxe2 Nxf6 14. 0-0-0 0-0 1/2-1/2

[Event "Match/Nation DDR-ROM 19,5-12,5"]
[Site "Zinnowitz"]
[Date "1983.10.17"]
[Round "3.5"]
[White "Gruenberg, Hans Ulrich"]
[Black "Pavlov, Mircea Sergiu"]
[Result "1/2-1/2"]
[WhiteElo "2450"]
[BlackElo "2400"]
[PlyCount "54"]
[EventDate "1983.10.14"]
[EventType "team-match"]
[EventRounds "4"]
[EventCountry "DDR"]
[SourceTitle "EXT 2002"]
[Source "ChessBase"]
[SourceDate "2001.11.25"]
[SourceVersion "1"]
[SourceVersionDate "2001.11.25"]
[SourceQuality "1"]

1. e4 c5 2. Nf3 d6 3. d4 Nf6 4. Nc3 cxd4 5. Nxd4 Nc6 6. Bg5 e6 7. Qd2 a6 8. 0-0-0 Bd7 9. f4 h6 10. Bxf6 Qxf6 11. Nf3 Qd8 12. Kb1 Qa5 13. Bc4 0-0-0 14. f5 Be7 15. fxe6 fxe6 16. Nd4 Nxd4 17. Nd5 Qxd2 18. Nxe7+ Kc7 19. Rxd2 Rhe8 20. Ng6 Nc6 21. Rhd1 b5 22. Be2 Bc8 23. Rf1 e5 24. Rf7+ Rd7 25. Rf1 Rdd8 26. Rf7+ Rd7 27. Rf1 Rdd8 1/2-1/2